| 000 | 00723nam a22001935i 4500 | ||
|---|---|---|---|
| 001 | 151409 | ||
| 003 | ES-MaACL | ||
| 005 | 20230906204012.0 | ||
| 008 | 950206s1867 sp |||| | spa d | ||
| 040 |
_aCLM _bspa _cCCPB | PA2 |
||
| 100 | 1 |
_aAlermón y Dorréguiz. _9168104 |
|
| 245 | 1 | 0 |
_aCurso elemental de historia de España _b: para uso de los institutos y seminarios... / _cpor Bernardo Monreal y Ascaso... |
| 260 |
_aMadrid : _bse hallará en casa de Agustin Jubera, _c1867 ( _fImp. y estereotipia de M. Rivadeneyra...) |
||
| 300 |
_a428 p. ; _c20 cm. |
||
| 651 | 4 |
_aEspaña- _xHistoria- _yHasta 1814. _9221651 |
|
| 752 |
_aEspaña - _d, Madrid |
||
| 852 |
_aES-MaACL _jG-101 _z-- Enc. hol. |
||
| 999 |
_c151409 _d151409 |
||